| 000 | 00808nam a22001937a 4500 | ||
|---|---|---|---|
| 010 | _a708469 | ||
| 035 | _a708469 | ||
| 037 | _bCen Lib / Ret | ||
| 040 |
_aDPL _bEN |
||
| 082 |
_a499.15538 _bSTE |
||
| 100 | _aSteingass, F. | ||
| 245 |
_aA comprehensive Persian-English dictionary : _bincluding the Arabic words and phrases to be met with in Persian literature. Being Johnson and Richardson's Persian, Arabic, and English dictionary, revised, enlarged and entirely reconstructed / _cby F. Steingass |
||
| 260 |
_aNew Delhi _bOriental Books Reprint Corporation _c1973 |
||
| 270 |
_a54, Rani Jhansi Road _bNew Delhi _e110055 |
||
| 300 |
_a1539p ; _b24cm(Hb) |
||
| 650 | _aPersian language -- Dictionaries -- English. | ||
| 650 | _aPersian language. | ||
| 942 |
_2ddc _cEN _h499.15538 _mSTE |
||
| 999 |
_c136493 _d136493 |
||